[Event "C.to Regionale Sicilia"]
[Site "Marsala ITA"]
[Date "2011.06.05"]
[Round "5"]
[White "Piazza, Francesco"]
[Black "Ferrante, Filippo"]
[Result "1/2-1/2"]
[WhiteElo "1551"]
[BlackElo "1606"]
[PlyCount "41"]
[EventDate "2011.06.01"]

1. d4 e6 2. Nf3 c5 3. e3 Nf6 4. Bd3 Nc6 5. c3 d5 6. c4 cxd4 7. exd4 dxc4 8.
Bxc4 Be7 9. O-O O-O 10. Nc3 b6 11. Bg5 Bb7 12. Re1 Na5 13. Be2 Rc8 14. a3 Nc4
15. Bxc4 Rxc4 16. Qd3 Rc8 17. Rad1 h6 18. Bh4 Bd6 19. Ne4 g5 20. Nxd6 Qxd6 21.
Bg3 1/2-1/2

[Event "C.to Regionale Sicilia"]
[Site "Marsala ITA"]
[Date "2011.06.05"]
[Round "5"]
[White "Savalla, Gianluca"]
[Black "Mancuso, Fabrizio"]
[Result "1-0"]
[WhiteElo "1563"]
[BlackElo "1512"]
[PlyCount "103"]
[EventDate "2011.06.01"]

1. d4 Nf6 2. Nf3 d5 3. e3 g6 4. Bd3 Bg7 5. Nbd2 O-O 6. c3 Nc6 7. O-O Bg4 8. h3
Bxf3 9. Nxf3 Re8 10. c4 e6 11. cxd5 Nxd5 12. Re1 a6 13. Rb1 Qd7 14. b3 Ncb4 15.
a3 Nc3 16. Qd2 Nxd3 17. Qxd3 Nxb1 18. Qxb1 Rad8 19. Bb2 Qd5 20. Qc2 c5 21. dxc5
Bxb2 22. Qxb2 Qxc5 23. b4 Qc7 24. Qf6 Qe7 25. Qf4 Kg7 26. Ng5 Qf6 27. Qg3 Rd3
28. Ne4 Qe7 29. Qe5+ Kg8 30. Nf6+ Kf8 31. Nxh7+ Kg8 32. Nf6+ Kf8 33. Nxe8 Qxe8
34. Rc1 Rd8 35. Rc7 Rd7 36. Qc5+ Kg8 37. Rc8 Rd8 38. Rxd8 Qxd8 39. Qa5 Qxa5 40.
bxa5 Kf8 41. Kf1 Ke7 42. Ke2 Kd6 43. Kd2 Kc5 44. g4 g5 45. f4 f6 46. e4 e5 47.
fxe5 fxe5 48. Ke3 Kd6 49. Kf3 Ke6 50. Kg3 Kf6 51. h4 Kg6 52. h5+ 1-0

[Event "C.to Regionale Sicilia"]
[Site "Marsala ITA"]
[Date "2011.06.05"]
[Round "5"]
[White "Savalla, Pietro"]
[Black "Oddo, Salvatore"]
[Result "1-0"]
[WhiteElo "1790"]
[BlackElo "1644"]
[PlyCount "51"]
[EventDate "2011.06.01"]

1. d4 d6 2. e4 Nd7 3. Nf3 e5 4. dxe5 dxe5 5. Bc4 c6 6. O-O Be7 7. a3 Ngf6 8.
Nc3 O-O 9. Re1 h6 10. Qe2 Qc7 11. h3 b5 12. Bb3 Nc5 13. Ba2 a5 14. Be3 Ba6 15.
b4 axb4 16. axb4 Ncxe4 17. Nxe4 Nxe4 18. Bb6 Qxb6 19. Qxe4 Qc7 20. Nxe5 Bb7 21.
Bxf7+ Rxf7 22. Rxa8+ Bxa8 23. Nxf7 Kxf7 24. Qe6+ Kf8 25. Re3 Qd6 26. Rf3+ 1-0

[Event "C.to Regionale Sicilia"]
[Site "Marsala ITA"]
[Date "2011.06.05"]
[Round "5"]
[White "Virgitto, Orazio"]
[Black "Bentivegna, Francesco"]
[Result "0-1"]
[WhiteElo "1671"]
[BlackElo "2317"]
[PlyCount "64"]
[EventDate "2011.06.01"]

1. d4 d5 2. c4 dxc4 3. Nf3 Nf6 4. Nc3 Nc6 5. e3 e5 6. Bxc4 exd4 7. Nxd4 Nxd4 8.
exd4 Be7 9. Be3 O-O 10. h3 c6 11. Qc2 Qa5 12. Bd3 Be6 13. O-O Rad8 14. a3 Bd6
15. Ne4 Nxe4 16. Bxe4 h6 17. Rfe1 Qc7 18. Kf1 f5 19. Bf3 Qf7 20. Rad1 Bd5 21.
Bxd5 Qxd5 22. Qd3 f4 23. Bd2 f3 24. Qe4 fxg2+ 25. Qxg2 Qc4+ 26. Kg1 Rf6 27. Kh1
Rdf8 28. Be3 Qf7 29. d5 c5 30. Qe4 Re8 31. Qg2 Rg6 32. Qf1 Qf3+ 0-1

[Event "C.to Regionale Sicilia"]
[Site "Marsala ITA"]
[Date "2011.06.05"]
[Round "6"]
[White "Bentivegna, Francesco"]
[Black "Melograni, Francesco"]
[Result "1-0"]
[WhiteElo "2317"]
[BlackElo "1862"]
[PlyCount "49"]
[EventDate "2011.06.01"]

1. e4 e5 2. Nf3 Nc6 3. Nc3 Nf6 4. Bb5 d6 5. d4 exd4 6. Nxd4 Bd7 7. Bxc6 bxc6 8.
Qf3 c5 9. Nf5 Bxf5 10. Qxf5 Qd7 11. Qf3 Qg4 12. Qxg4 Nxg4 13. h3 Ne5 14. f4 Nc6
15. Be3 g6 16. O-O-O O-O-O 17. Rhe1 Bg7 18. Nd5 Rhe8 19. Bf2 Re6 20. f5 gxf5
21. exf5 Rxe1 22. Rxe1 Be5 23. Bh4 Rg8 24. g4 h5 25. g5 1-0

[Event "C.to Regionale Sicilia"]
[Site "Marsala ITA"]
[Date "2011.06.05"]
[Round "6"]
[White "Calamia, Gianpaolo"]
[Black "Alcide, Fabio"]
[Result "1/2-1/2"]
[WhiteElo "1491"]
[BlackElo "1637"]
[PlyCount "27"]
[EventDate "2011.06.01"]

1. e4 a6 2. d4 b5 3. Bf4 Bb7 4. Bd3 Nf6 5. f3 e6 6. Nd2 c5 7. c3 c4 8. Bc2 d6
9. g4 Be7 10. Bg3 Nbd7 11. h4 h6 12. Ne2 e5 13. Nf1 h5 14. g5 1/2-1/2

[Event "C.to Regionale Sicilia"]
[Site "Marsala ITA"]
[Date "2011.06.05"]
[Round "6"]
[White "Cerami, Giuseppe"]
[Black "Piazza, Francesco"]
[Result "1/2-1/2"]
[WhiteElo "1658"]
[BlackElo "1551"]
[PlyCount "89"]
[EventDate "2011.06.01"]

1. d4 d6 2. Nf3 Nf6 3. c4 c6 4. Nc3 Bg4 5. e4 Qa5 6. Bd2 Nbd7 7. Be2 e5 8. d5
Qc7 9. O-O Be7 10. Rc1 O-O 11. h3 Bh5 12. Be3 a5 13. Nd2 Bxe2 14. Qxe2 Rfc8 15.
b3 Nb6 16. a4 Nfd7 17. f4 f6 18. f5 cxd5 19. Qg4 Kh8 20. Rf3 Rg8 21. cxd5 Raf8
22. Rg3 g6 23. Bh6 Rf7 24. Nf3 Bf8 25. Nb5 Qd8 26. Qh4 Bxh6 27. Qxh6 gxf5 28.
Nxd6 Rfg7 29. Nh4 Qf8 30. Ng6+ Rxg6 31. Rxg6 Rxg6 32. Qxf8+ Nxf8 33. Nxf5 Nfd7
34. Rc7 Rg8 35. Rxb7 Rb8 36. Ra7 Ra8 37. Rc7 Rc8 38. Rc6 Rxc6 39. dxc6 Nc5 40.
Nd6 Nxb3 41. Kf2 Nc5 42. c7 Ncxa4 43. Nc4 Kg7 44. Nxa5 Nc5 45. Nc4 1/2-1/2

[Event "C.to Regionale Sicilia"]
[Site "Marsala ITA"]
[Date "2011.06.05"]
[Round "6"]
[White "Ferrante, Filippo"]
[Black "Savalla, Gianluca"]
[Result "0-1"]
[WhiteElo "1606"]
[BlackElo "1563"]
[PlyCount "112"]
[EventDate "2011.06.01"]

1. c4 e5 2. Nf3 Nc6 3. d3 Nf6 4. Nc3 d6 5. g3 Be7 6. Bg2 O-O 7. O-O Be6 8. d4
exd4 9. Nxd4 Nxd4 10. Qxd4 c6 11. b3 Qd7 12. Rd1 Bh3 13. Bh1 Qf5 14. Bf4 Ng4
15. Be4 Qf6 16. Qxf6 Bxf6 17. Rac1 Be5 18. Bxe5 dxe5 19. Bg2 Bxg2 20. Kxg2 Rad8
21. Rxd8 Rxd8 22. Rd1 Rxd1 23. Nxd1 f6 24. Nc3 Nh6 25. Ne4 Nf5 26. e3 Kf8 27.
Nc5 b6 28. Ne4 c5 29. a3 Ne7 30. Kf3 Nc6 31. Nd2 Kf7 32. Ke4 Ke6 33. g4 g6 34.
h3 h6 35. f4 exf4 36. Kxf4 Ne5 37. b4 cxb4 38. axb4 Nd3+ 39. Ke4 Nxb4 40. Nb3
Na6 41. Kd4 Kd6 42. Nd2 Nc5 43. h4 a5 44. Nf3 a4 45. g5 hxg5 46. hxg5 fxg5 47.
Nxg5 Ne6+ 48. Nxe6 Kxe6 49. Kc3 g5 50. Kb4 g4 51. Kxa4 g3 52. Kb5 g2 53. Kxb6
g1=Q 54. c5 Qxe3 55. Kc6 Qc1 56. Kb6 Kd5 0-1

[Event "C.to Regionale Sicilia"]
[Site "Marsala ITA"]
[Date "2011.06.05"]
[Round "6"]
[White "Fontana, Giulio"]
[Black "Arnetta, Maria Teresa"]
[Result "0-1"]
[WhiteElo "1632"]
[BlackElo "2084"]
[PlyCount "64"]
[EventDate "2011.06.01"]

1. d4 d5 2. e4 dxe4 3. Nc3 Nf6 4. f3 exf3 5. Nxf3 Bg4 6. h3 Bh5 7. g4 Bg6 8.
Ne5 e6 9. Be3 c6 10. Qf3 Bb4 11. Nxg6 hxg6 12. Bd3 Qd5 13. O-O Qxf3 14. Rxf3
Nbd7 15. Raf1 O-O 16. g5 Nd5 17. Nxd5 cxd5 18. h4 e5 19. Rh3 e4 20. Be2 Bd6 21.
Bf4 Bxf4 22. Rxf4 Rac8 23. c3 f6 24. Bg4 f5 25. Be2 Kf7 26. h5 Rh8 27. hxg6+
Kxg6 28. Rfh4 Rxh4 29. Rxh4 Kxg5 30. Rh5+ Kg6 31. Rh2 Nf6 32. Rg2+ Kf7 0-1

[Event "C.to Regionale Sicilia"]
[Site "Marsala ITA"]
[Date "2011.06.05"]
[Round "6"]
[White "Gueci, Tea"]
[Black "Piazza, Dario"]
[Result "1/2-1/2"]
[WhiteElo "1741"]
[BlackElo "1751"]
[PlyCount "36"]
[EventDate "2011.06.01"]

1. e4 e5 2. Nf3 Nc6 3. d4 exd4 4. Nxd4 Bc5 5. Be3 Qf6 6. c3 Nge7 7. g3 d6 8.
Bg2 Bd7 9. Na3 Bxa3 10. bxa3 O-O 11. O-O Ne5 12. Qc1 h6 13. f4 Nc4 14. e5 dxe5
15. fxe5 Qxe5 16. Bf4 Qc5 17. Kh1 Ng6 18. Bxb7 Rab8 1/2-1/2

[Event "C.to Regionale Sicilia"]
[Site "Marsala ITA"]
[Date "2011.06.05"]
[Round "6"]
[White "Maggio, Baldassare"]
[Black "Occhipinti, Massimo"]
[Result "0-1"]
[WhiteElo "1503"]
[BlackElo "1987"]
[PlyCount "84"]
[EventDate "2011.06.01"]

1. d4 Nf6 2. c4 g6 3. Nc3 Bg7 4. e4 d6 5. f4 O-O 6. Nf3 c5 7. e5 Nfd7 8. exd6
cxd4 9. Nb5 exd6 10. Nxd6 Qe7+ 11. Be2 Qxd6 12. O-O Nc6 13. Bd3 Nc5 14. Re1
Nxd3 15. Qxd3 Bf5 16. Qb3 b6 17. Bd2 Rfe8 18. Red1 Qc5 19. a3 Re2 20. Re1 Rae8
21. Kh1 Na5 22. Qd1 Rxe1+ 23. Bxe1 Nxc4 24. Bf2 Ne3 25. Qd2 Be4 26. Rc1 Qd5 27.
Bxe3 dxe3 28. Qxe3 Bxb2 29. Re1 f5 30. h3 Rd8 31. Re2 Bd4 32. Nxd4 Qxd4 33. Qg3
Qd1+ 34. Qe1 Qxe1+ 35. Rxe1 Rd2 36. Rc1 a5 37. Rc8+ Kg7 38. Rb8 Rxg2 39. h4 Kh6
40. Re8 Ra2+ 41. Kg1 Rxa3 42. Rb8 Rb3 0-1

[Event "C.to Regionale Sicilia"]
[Site "Marsala ITA"]
[Date "2011.06.05"]
[Round "6"]
[White "Mancuso, Fabrizio"]
[Black "Colicchia, Michele"]
[Result "1/2-1/2"]
[WhiteElo "1512"]
[BlackElo "1415"]
[PlyCount "48"]
[EventDate "2011.06.01"]

1. e4 c5 2. Nf3 Nc6 3. Nc3 e5 4. Bc4 Nf6 5. d3 h6 6. Be3 d6 7. h3 Be7 8. O-O
O-O 9. Nd5 Be6 10. Nxe7+ Qxe7 11. Bxe6 fxe6 12. c3 Nd7 13. Qd2 Rf6 14. Rac1
Raf8 15. Nh2 Rg6 16. Qe2 Qh4 17. Kh1 Nf6 18. Nf3 Qh5 19. Ng1 Qxe2 20. Nxe2 Nh7
21. Ng3 Ne7 22. Kg1 b6 23. Rcd1 Nf6 24. b3 Nd7 1/2-1/2

[Event "C.to Regionale Sicilia"]
[Site "Marsala ITA"]
[Date "2011.06.05"]
[Round "6"]
[White "Marino, Davide"]
[Black "Savalla, Pietro"]
[Result "0-1"]
[WhiteElo "1529"]
[BlackElo "1790"]
[PlyCount "50"]
[EventDate "2011.06.01"]

1. e4 e5 2. Nf3 d6 3. d4 exd4 4. Nxd4 Nf6 5. Nc3 Be7 6. f4 O-O 7. Be3 Nc6 8.
Qd2 Ng4 9. Nxc6 bxc6 10. Bd3 Nxe3 11. Qxe3 Re8 12. O-O-O c5 13. Rhe1 c6 14. Qf3
Rb8 15. e5 d5 16. f5 Bg5+ 17. Kb1 Qb6 18. b3 c4 19. Bf1 a5 20. Qg3 Bh6 21. Ka1
Bxf5 22. Re2 cxb3 23. cxb3 Qb4 24. Kb2 a4 25. Nxa4 Qxa4 0-1

[Event "C.to Regionale Sicilia"]
[Site "Marsala ITA"]
[Date "2011.06.05"]
[Round "6"]
[White "Meo, Antonino"]
[Black "La Bella, Noemi"]
[Result "1-0"]
[WhiteElo "1599"]
[BlackElo "1431"]
[PlyCount "33"]
[EventDate "2011.06.01"]

1. e4 e5 2. Nf3 Nc6 3. d4 d6 4. dxe5 dxe5 5. Qxd8+ Kxd8 6. Bc4 f5 7. Nc3 Bb4 8.
Bg5+ Nge7 9. O-O-O+ Ke8 10. Nb5 Ba5 11. exf5 Nxf5 12. Nxe5 Nfe7 13. Nxc6 bxc6
14. Nd4 h6 15. Bxe7 Kxe7 16. Nxc6+ Kf6 17. Nxa5 1-0

[Event "C.to Regionale Sicilia"]
[Site "Marsala ITA"]
[Date "2011.06.05"]
[Round "6"]
[White "Montalto, Antonio"]
[Black "Fasino, Salvatore"]
[Result "1/2-1/2"]
[WhiteElo "1781"]
[BlackElo "1631"]
[PlyCount "116"]
[EventDate "2011.06.01"]

1. e4 c5 2. Nf3 d6 3. Bb5+ Bd7 4. Bxd7+ Qxd7 5. d4 cxd4 6. Nxd4 Nf6 7. Nc3 a6
8. h3 Nc6 9. Be3 e6 10. O-O Be7 11. f3 Ne5 12. b3 Rc8 13. Na4 Qc7 14. c4 Nfd7
15. Rc1 Nc5 16. Nxc5 dxc5 17. Ne2 Rd8 18. Qc2 O-O 19. Rcd1 Rxd1 20. Rxd1 Rd8
21. Bf2 Rxd1+ 22. Qxd1 Qd7 23. Qxd7 Nxd7 24. f4 f5 25. e5 b5 26. cxb5 axb5 27.
Nc3 b4 28. Na4 Kf8 29. Kf1 Ke8 30. Ke2 Kd8 31. Kd3 Kc7 32. Kc4 Kc6 33. g3 h5
34. h4 g6 35. Be3 Nb6+ 36. Nxb6 Kxb6 37. Bc1 Kc6 38. a4 bxa3 39. Bxa3 Bf8 40.
Bc1 Be7 41. Be3 Bf8 42. Bd2 Be7 43. Ba5 Bf8 44. Bd8 Kd7 45. Ba5 Kc6 46. Bd8 Kd7
47. Bf6 Kc6 48. Bg5 Kb6 49. Bd8+ Kc6 50. Ba5 Be7 51. b4 cxb4 52. Bxb4 Bd8 53.
Bc5 Ba5 54. Bf2 Bd2 55. Kd3 Bc1 56. Kc4 Bd2 57. Kd3 Bc1 58. Kc4 Bd2 1/2-1/2

[Event "C.to Regionale Sicilia"]
[Site "Marsala ITA"]
[Date "2011.06.05"]
[Round "6"]
[White "Schembri, Roberto"]
[Black "Gueci, Laura"]
[Result "0-1"]
[WhiteElo "1527"]
[BlackElo "1789"]
[PlyCount "60"]
[EventDate "2011.06.01"]

1. d4 d5 2. e3 Bf5 3. Bd3 Bxd3 4. Qxd3 c6 5. Nd2 Nf6 6. f4 e6 7. Ngf3 Nbd7 8.
Ne5 Bd6 9. O-O Qc7 10. c3 O-O 11. Kh1 c5 12. Rg1 Bxe5 13. fxe5 Ng4 14. Qe2 Nh6
15. e4 dxe4 16. Nxe4 Nf5 17. g4 Ne7 18. g5 cxd4 19. cxd4 Nf5 20. Be3 Qc6 21.
Qf3 Qd5 22. Nf6+ Nxf6 23. Qxd5 Nxd5 24. Bf2 Rac8 25. Rac1 Nf4 26. Rge1 Rxc1 27.
Rxc1 Nd3 28. Rc2 Nxf2+ 29. Rxf2 Rc8 30. Kg2 Nxd4 0-1

[Event "C.to Regionale Sicilia"]
[Site "Marsala ITA"]
[Date "2011.06.05"]
[Round "6"]
[White "Valguarnera, Girolamo"]
[Black "La Bella, Roberto"]
[Result "1/2-1/2"]
[WhiteElo "2151"]
[BlackElo "2168"]
[PlyCount "147"]
[EventDate "2011.06.01"]

1. e4 e5 2. Nf3 Nc6 3. Bb5 f5 4. d3 fxe4 5. dxe4 Nf6 6. O-O Bc5 7. c3 d6 8. b4
Bb6 9. Bc4 Qe7 10. a4 a5 11. b5 Nd8 12. Nbd2 Ne6 13. Ba3 Nf4 14. Qb3 Bg4 15.
Rfe1 Qd7 16. Bf1 Be6 17. Nc4 Bxc4 18. Qxc4 Qg4 19. Kh1 O-O-O 20. Ra2 h5 21.
Bxd6 Rxd6 22. Nxe5 Qe6 23. Nf7 Qxc4 24. Nxd6+ cxd6 25. Bxc4 Re8 26. f3 d5 27.
g3 Nh3 28. Kg2 Ng5 29. h4 Nxf3 30. Kxf3 dxc4 31. Rd2 Ng4 32. Rd5 g6 33. Kf4 Ne5
34. Red1 Nd3+ 35. Kg5 Re6 36. Kh6 Bf2 37. Kh7 Bxg3 38. Rd4 Ne5 39. Rh1 Kc7 40.
Rh3 Re7+ 41. Kg8 Bf4 42. Kf8 Re6 43. Kg7 Rd6 44. Rh1 Re6 45. Rd5 b6 46. Rf1 Bg3
47. Rf6 Rxf6 48. Kxf6 Nd7+ 49. Kxg6 Bxh4 50. Rxh5 Bf6 51. Rh3 Kd6 52. Kf5 Bg7
53. Rg3 Bf8 54. Rg6+ Ke7 55. e5 Kd8 56. Rg8 Ke7 57. Rg6 Nc5 58. Rxb6 Nxa4 59.
Rb7+ Ke8 60. Rb8+ Kf7 61. b6 Bc5 62. b7 Nxc3 63. Ra8 Nd5 64. b8=Q Ne7+ 65. Kg4
Bb4 66. Qb6 Nd5 67. Ra7+ Be7 68. Kf5 Nxb6 69. e6+ Ke8 70. Rxa5 c3 71. Ra2 Bd6
72. Rg2 Nc4 73. Ke4 Nd2+ 74. Kd3 {...} 1/2-1/2

[Event "C.to Regionale Sicilia"]
[Site "Marsala ITA"]
[Date "2011.06.05"]
[Round "7"]
[White "Alcide, Fabio"]
[Black "Cerami, Giuseppe"]
[Result "0-1"]
[WhiteElo "1637"]
[BlackElo "1658"]
[PlyCount "76"]
[EventDate "2011.06.01"]

1. e4 c5 2. Nf3 Nc6 3. d4 cxd4 4. Nxd4 a6 5. a3 e5 6. Nf5 d6 7. Ne3 Nf6 8. Nc3
Be7 9. Ned5 O-O 10. h3 Be6 11. Nxf6+ Bxf6 12. Be3 b5 13. Nd5 Bxd5 14. Qxd5 Ne7
15. Qd2 d5 16. exd5 Qxd5 17. Rd1 Rfd8 18. Be2 Qxd2+ 19. Bxd2 e4 20. c3 Nc6 21.
O-O h6 22. Be3 Ne5 23. Rxd8+ Rxd8 24. Bd4 Nc4 25. Bxc4 bxc4 26. Bxf6 gxf6 27.
Re1 f5 28. Re2 Rd3 29. Kf1 Kg7 30. Ke1 Kf6 31. Re3 Ke5 32. Rg3 Rxg3 33. fxg3 f4
34. Kf2 fxg3+ 35. Kxg3 f5 36. Kf2 h5 37. g3 f4 38. h4 f3 0-1

[Event "C.to Regionale Sicilia"]
[Site "Marsala ITA"]
[Date "2011.06.05"]
[Round "7"]
[White "Arnetta, Maria Teresa"]
[Black "Savalla, Pietro"]
[Result "1-0"]
[WhiteElo "2084"]
[BlackElo "1790"]
[PlyCount "63"]
[EventDate "2011.06.01"]

1. e4 e5 2. Nf3 d6 3. Nc3 Nf6 4. d4 exd4 5. Nxd4 Be7 6. Be2 O-O 7. f4 c5 8. Nf3
Nc6 9. O-O a6 10. a4 Re8 11. Bc4 Bg4 12. h3 Bxf3 13. Qxf3 Nd4 14. Qd3 Bf8 15.
Be3 Nc6 16. Bf2 Nb4 17. Qf3 Nxc2 18. Rad1 Qb6 19. Nd5 Nxd5 20. Bxd5 Nb4 21. Bc4
Qc6 22. Qb3 Rxe4 23. Bxf7+ Kh8 24. f5 Be7 25. Bh5 Bf6 26. Bf3 Rae8 27. Qf7 d5
28. Bxe4 dxe4 29. Rd7 Rg8 30. Rc7 Qxa4 31. Bxc5 Nd3 32. Qxg8+ 1-0

[Event "C.to Regionale Sicilia"]
[Site "Marsala ITA"]
[Date "2011.06.05"]
[Round "7"]
[White "Campo, Renato"]
[Black "Gueci, Laura"]
[Result "1-0"]
[WhiteElo "1984"]
[BlackElo "1789"]
[PlyCount "55"]
[EventDate "2011.06.01"]

1. d4 d5 2. Nc3 Nf6 3. Bg5 c6 4. Qd3 Nbd7 5. Nf3 e6 6. e4 dxe4 7. Nxe4 Be7 8.
h4 Qc7 9. O-O-O h6 10. Nxf6+ Nxf6 11. Bd2 Nd5 12. Ne5 Bf6 13. c4 Bxe5 14. dxe5
Ne7 15. Bb4 Ng6 16. Bd6 Qa5 17. h5 Nf8 18. Kb1 Nd7 19. Rh4 b5 20. Qg3 Bb7 21.
Qxg7 O-O-O 22. cxb5 c5 23. Bc4 Rhe8 24. Qxf7 Bd5 25. Bxd5 exd5 26. Qxd5 Qxb5
27. Rc4 Qb6 28. e6 1-0

[Event "C.to Regionale Sicilia"]
[Site "Marsala ITA"]
[Date "2011.06.05"]
[Round "7"]
[White "Colicchia, Michele"]
[Black "Messina, Pierluigi"]
[Result "1-0"]
[WhiteElo "1415"]
[BlackElo "1392"]
[PlyCount "125"]
[EventDate "2011.06.01"]

1. e4 e5 2. Nf3 Nf6 3. Bc4 Bc5 4. O-O d6 5. d3 h6 6. h3 Nc6 7. c3 O-O 8. b4 Bb6
9. a4 a5 10. b5 Ne7 11. Be3 Bxe3 12. fxe3 b6 13. Nh2 Bb7 14. Ng4 d5 15. Nxf6+
gxf6 16. exd5 Nxd5 17. Bxd5 Qxd5 18. e4 Qc5+ 19. Kh1 Qd6 20. Qg4+ Kh7 21. Qh5
Kg7 22. Rf3 Rae8 23. Nd2 f5 24. Nc4 Qd7 25. Rxf5 Qxd3 26. Rf6 Re6 27. Qxh6+ Kg8
28. Rxe6 fxe6 29. Qxe6+ Kg7 30. Qxe5+ Kg8 31. Qe6+ Kg7 32. Qg4+ Kf6 33. Qf3+
Qxf3 34. gxf3 Kg5 35. Kg2 Kh4 36. Rh1 Rd8 37. Re1 Rd3 38. Re3 Rxe3 39. Nxe3 Bc8
40. Ng4 c5 41. e5 Kg5 42. Kg3 Kf5 43. h4 Be6 44. h5 Kg5 45. h6 Kg6 46. Kf4 c4
47. Ke4 Kh7 48. f4 Bxg4 49. f5 Kxh6 50. e6 Kg7 51. Ke5 Kf8 52. f6 Bh5 53. Kd6
Ke8 54. f7+ Bxf7 55. exf7+ Kxf7 56. Kc6 Ke7 57. Kxb6 Kd7 58. Ka7 Kd6 59. b6 Kd5
60. b7 Ke4 61. b8=Q Kd3 62. Qb2 Ke4 63. Qd2 1-0

[Event "C.to Regionale Sicilia"]
[Site "Marsala ITA"]
[Date "2011.06.05"]
[Round "7"]
[White "Fasino, Salvatore"]
[Black "Calamia, Gianpaolo"]
[Result "0-1"]
[WhiteElo "1631"]
[BlackElo "1491"]
[PlyCount "126"]
[EventDate "2011.06.01"]

1. e4 e6 2. d4 d5 3. Nd2 Nf6 4. e5 Nfd7 5. Ngf3 c5 6. c3 Qb6 7. Be2 Nc6 8. Nb3
Be7 9. O-O O-O 10. Qc2 f6 11. exf6 Bxf6 12. Bg5 c4 13. Nbd2 Qd8 14. Be3 Qc7 15.
Ng5 Bxg5 16. Bxg5 Nf6 17. Rad1 Qf7 18. Nf3 Ne4 19. Bh4 h6 20. Ne5 Nxe5 21. dxe5
Qf4 22. f3 Nxc3 23. bxc3 Qxh4 24. Rd4 Qe7 25. Qg6 Qf7 26. Rg4 Qxg6 27. Rxg6 Kh7
28. Rg3 Bd7 29. f4 b5 30. a3 a5 31. Bh5 Be8 32. Bg4 Bd7 33. Rgf3 Rae8 34. h4
Re7 35. f5 exf5 36. Bxf5+ Bxf5 37. Rxf5 Rxf5 38. Rxf5 g6 39. Rf3 Rxe5 40. Kf2
Kg7 41. g3 g5 42. h5 g4 43. Rf4 Rxh5 44. Rxg4+ Kf6 45. Ke3 Re5+ 46. Kf3 Re1 47.
Rh4 Kg6 48. Rd4 Rc1 49. Rxd5 Rxc3+ 50. Kf4 Rxa3 51. Rxb5 Ra1 52. Rc5 a4 53.
Rxc4 a3 54. Ra4 a2 55. Ra6+ Kf7 56. Kg4 h5+ 57. Kg5 h4 58. Ra7+ Ke6 59. Kxh4
Rh1+ 60. Kg4 a1=Q 61. Rxa1 Rxa1 62. Kf4 Kf6 63. g4 Kg6 0-1

[Event "C.to Regionale Sicilia"]
[Site "Marsala ITA"]
[Date "2011.06.05"]
[Round "7"]
[White "Fontana, Giulio"]
[Black "Marino, Davide"]
[Result "1-0"]
[WhiteElo "1632"]
[BlackElo "1529"]
[PlyCount "45"]
[EventDate "2011.06.01"]

1. d4 d5 2. e4 dxe4 3. Nc3 e5 4. Nge2 exd4 5. Qxd4 Qxd4 6. Nxd4 Nf6 7. Bg5 Nbd7
8. Ndb5 Bd6 9. Nxd6+ cxd6 10. O-O-O h6 11. Bh4 O-O 12. Rxd6 Re8 13. Bb5 a6 14.
Ba4 b5 15. Bb3 Bb7 16. Rhd1 g5 17. Rxd7 Nxd7 18. Rxd7 Rf8 19. Rxb7 gxh4 20.
Nxe4 Rab8 21. Re7 Rb6 22. Nc5 Kh8 23. Nd7 1-0

[Event "C.to Regionale Sicilia"]
[Site "Marsala ITA"]
[Date "2011.06.05"]
[Round "7"]
[White "La Bella, Roberto"]
[Black "Bertino, Giacomo"]
[Result "1-0"]
[WhiteElo "2168"]
[BlackElo "1991"]
[PlyCount "81"]
[EventDate "2011.06.01"]

1. e4 e6 2. d4 d5 3. e5 c5 4. c3 Qb6 5. Nf3 Bd7 6. Be2 Bb5 7. O-O Bxe2 8. Qxe2
Nc6 9. Be3 cxd4 10. Bxd4 Bc5 11. Rd1 Nge7 12. Bxc5 Qxc5 13. b4 Qb6 14. a3 Ng6
15. Nbd2 Rd8 16. Nb3 Qc7 17. Re1 O-O 18. g3 Rc8 19. h4 Rfd8 20. Rac1 Nce7 21.
h5 Nf8 22. Nbd4 a6 23. Qd2 Nc6 24. h6 g6 25. Nxc6 bxc6 26. Qg5 Nd7 27. c4 Re8
28. Nd4 Qb6 29. cxd5 cxd5 30. Rxc8 Rxc8 31. Qe7 Qd8 32. Nc6 Qe8 33. Qd6 Kh8 34.
Na7 Ra8 35. Qxa6 Nxe5 36. Rxe5 Qb8 37. Rxd5 Qf8 38. Rd7 Qxh6 39. Rxf7 Qc1+ 40.
Kg2 Qe1 41. Qb7 1-0

[Event "C.to Regionale Sicilia"]
[Site "Marsala ITA"]
[Date "2011.06.05"]
[Round "7"]
[White "Maggio, Baldassare"]
[Black "Meo, Antonino"]
[Result "1/2-1/2"]
[WhiteElo "1503"]
[BlackElo "1599"]
[PlyCount "82"]
[EventDate "2011.06.01"]

1. d4 d5 2. c4 c6 3. e3 Nf6 4. Bd3 dxc4 5. Bxc4 Bf5 6. Nf3 e6 7. Nc3 Bd6 8. O-O
Nbd7 9. Re1 Bg4 10. h3 Bh5 11. e4 e5 12. Be2 O-O 13. Bg5 Re8 14. dxe5 Nxe5 15.
Nxe5 Bxe2 16. Nxf7 Kxf7 17. Qxe2 Qe7 18. f4 Bb4 19. Qc4+ Kf8 20. e5 Qc5+ 21.
Qxc5+ Bxc5+ 22. Kh1 Nh5 23. Ne4 Bb4 24. Rf1 Be7 25. Bxe7+ Rxe7 26. g4 Nf6 27.
exf6 Rxe4 28. fxg7+ Kxg7 29. Rf2 Rf8 30. f5 Kf6 31. Rd1 Re7 32. Kg2 Kg5 33. Kg3
Re3+ 34. Rf3 Rxf3+ 35. Kxf3 Rf7 36. Kg3 Re7 37. Rf1 Kf6 38. h4 h6 39. Rf2 Re3+
40. Rf3 Re2 41. Rf2 Re3+ 1/2-1/2

[Event "C.to Regionale Sicilia"]
[Site "Marsala ITA"]
[Date "2011.06.05"]
[Round "7"]
[White "Melograni, Francesco"]
[Black "Piazza, Dario"]
[Result "1-0"]
[WhiteElo "1862"]
[BlackElo "1751"]
[PlyCount "41"]
[EventDate "2011.06.01"]

1. e4 e5 2. Nc3 Nc6 3. Bc4 Nf6 4. d3 d6 5. Nge2 Be7 6. O-O Be6 7. Bb3 Bxb3 8.
axb3 d5 9. exd5 Nxd5 10. Nxd5 Qxd5 11. Nc3 Qd7 12. f4 O-O 13. fxe5 Bc5+ 14. Kh1
Nxe5 15. Ra4 Rad8 16. Qh5 f6 17. Raf4 Qf7 18. Qh3 Ng6 19. Rf5 Bd6 20. Ne4 h6
21. Bxh6 1-0

[Event "C.to Regionale Sicilia"]
[Site "Marsala ITA"]
[Date "2011.06.05"]
[Round "7"]
[White "Occhipinti, Massimo"]
[Black "Gueci, Tea"]
[Result "1/2-1/2"]
[WhiteElo "1987"]
[BlackElo "1741"]
[PlyCount "122"]
[EventDate "2011.06.01"]

1. Nf3 d5 2. g3 c6 3. Bg2 Bg4 4. h3 Bf5 5. d3 Nd7 6. Nh4 Bg6 7. c3 e6 8. Nxg6
hxg6 9. Qb3 Nc5 10. Qc2 Bd6 11. b4 Nd7 12. a4 Ne7 13. e4 Qc7 14. d4 dxe4 15.
Qxe4 Nf6 16. Qf3 Ned5 17. Nd2 a5 18. bxa5 Rxa5 19. Nc4 Ra6 20. Nxd6+ Qxd6 21.
O-O Qc7 22. Bd2 O-O 23. c4 Nb6 24. Qb3 Rfa8 25. a5 Nc8 26. Rab1 R6a7 27. Rfc1
Qd7 28. Bc3 Nd6 29. Rd1 Nde4 30. Be1 Rd8 31. Qb6 Rda8 32. Bf1 Ng5 33. Bg2 Nge4
34. f3 Nd6 35. Bf1 Nf5 36. Bf2 Rxa5 37. Qxb7 Qd6 38. Qb4 Qc7 39. Qb7 Qd6 40. c5
Qd5 41. Qb3 Qd7 42. g4 Ne7 43. Qb7 R5a7 44. Qxd7 Rxd7 45. Ra1 Rad8 46. Rdc1
Nfd5 47. Ra6 Nb4 48. Ra4 Nbd5 49. Rca1 f5 50. Ra8 Kf7 51. Rxd8 Rxd8 52. Ra7 Kf6
53. h4 g5 54. Ra4 gxh4 55. Bxh4+ g5 56. Be1 fxg4 57. fxg4 Ne3 58. Be2 Ng6 59.
Bf2 Nd5 60. Bf3 Ngf4 61. Bg3 Nc3 1/2-1/2

[Event "C.to Regionale Sicilia"]
[Site "Marsala ITA"]
[Date "2011.06.05"]
[Round "7"]
[White "Oddo, Salvatore"]
[Black "Mancuso, Fabrizio"]
[Result "0-1"]
[WhiteElo "1644"]
[BlackElo "1512"]
[PlyCount "66"]
[EventDate "2011.06.01"]

1. Nf3 Nf6 2. g3 d5 3. Bg2 Nc6 4. d3 Bg4 5. Nbd2 e5 6. e4 dxe4 7. dxe4 Nd4 8.
O-O Bc5 9. c3 Nc6 10. Qc2 O-O 11. a4 Bd6 12. Rd1 Re8 13. Nc4 Qe7 14. Be3 Rad8
15. b4 a6 16. Rd2 Be6 17. Nxd6 Rxd6 18. Rxd6 cxd6 19. Rd1 Bc4 20. Nh4 Qe6 21.
Qd2 Rd8 22. Nf5 Kf8 23. Nxd6 Ne8 24. Bc5 Kg8 25. a5 Ne7 26. f4 Nc8 27. f5 Qh6
28. Qe1 Nexd6 29. Be3 Qf6 30. h4 h6 31. Qd2 Bb3 32. Ra1 Nb5 33. Qb2 Bc4 0-1